[Event "Ð§ÐµÐ¼Ð¿Ð¸Ð¾Ð½Ð°Ñ‚ ÐŸÐ¤Ðž Ð¿Ð¾ ÑˆÐ°Ñ…Ð¼Ð"]
[Site "Ð�Ð°Ð±ÐµÑ€ÐµÐ¶Ð½Ñ‹Ðµ Ð§ÐµÐ»Ð½Ñ"]
[Date "2024.03.24"]
[Round "5.9"]
[White "Ð¡ÐºÐ°~~ÐºÐ¾Ð², Ð’Ð°Ð»ÐµÑ€Ð¸Ð¹."]
[Black "ÐšÐ¾Ñ‚ÐµÐ»ÑŒÐ²Ð°, Ð›ÐµÐ²."]
[Result "1-0"]
[WhiteElo "2200"]
[BlackElo "1949"]
[PlyCount "65"]
[EventDate "2024.03.20"]

1. d4 d5 2. c4 e6 3. Nf3 Nf6 4. g3 Bb4+ 5. Bd2 Be7 6. Bg2 O-O 7. Qc2 c6 8. Bf4
Nbd7 9. h4 h6 10. Nc3 a5 11. e4 dxc4 12. O-O-O a4 13. e5 Nh7 14. Ng5 Nxg5 15.
hxg5 Bxg5 16. Rdg1 f5 17. Rh5 Qe8 18. Bf3 Qe7 19. Bxg5 hxg5 20. g4 g6 21. Rh6
Qg7 22. Rgh1 Rd8 23. gxf5 exf5 24. Ne4 Nf8 25. Nf6+ Kf7 26. Qxc4+ Be6 27. Qb4
b5 28. Rh7 Nxh7 29. Rxh7 c5 30. Qxb5 Rab8 31. Qc6 Qxh7 32. Nxh7 Bxa2 33. Qf6+
1-0

[Event "Ð§ÐµÐ¼Ð¿Ð¸Ð¾Ð½Ð°Ñ‚ ÐŸÐ¤Ðž Ð¿Ð¾ ÑˆÐ°Ñ…Ð¼Ð"]
[Site "Ð�Ð°Ð±ÐµÑ€ÐµÐ¶Ð½Ñ‹Ðµ Ð§ÐµÐ»Ð½Ñ"]
[Date "2024.03.24"]
[Round "5.10"]
[White "Ð“Ð¾Ð»ÑŒÑ†ÐµÐ², Ð”Ð¼Ð¸Ñ‚Ñ€Ð¸Ð¹."]
[Black "Ð“Ð¾Ñ€Ð¸Ð½, Ð�Ð½Ð´Ñ€ÐµÐ¹."]
[Result "0-1"]
[WhiteElo "2215"]
[BlackElo "1878"]
[PlyCount "82"]
[EventDate "2024.03.20"]

1. e4 d6 2. d4 g6 3. Nc3 Bg7 4. h4 Nf6 5. Be2 h5 6. Nh3 Bxh3 7. Rxh3 Nbd7 8.
Be3 c6 9. f4 Qa5 10. Bf3 e5 11. Qd3 Ng4 12. Bxg4 hxg4 13. Rh1 Nf6 14. O-O-O O-O
15. Kb1 Nh5 16. Ne2 Rad8 17. Rdf1 exd4 18. Bxd4 Bxd4 19. Nxd4 c5 20. Ne2 c4 21.
Qe3 Qc5 22. Nd4 c3 23. f5 Qb4 24. b3 Rfe8 25. Rd1 Rxe4 26. Qg5 Qa3 27. Qc1
Qxc1+ 28. Kxc1 Ng3 29. Rhe1 gxf5 30. Nb5 Ne2+ 31. Kb1 d5 32. Nxa7 Nf4 33. Rg1
Re2 34. g3 Nh3 35. Rgf1 f4 36. gxf4 Re3 37. Rh1 Nf2 38. Rhe1 Rde8 39. Rxe3 Rxe3
40. Rg1 g3 41. Nb5 Nh3 0-1

[Event "Ð§ÐµÐ¼Ð¿Ð¸Ð¾Ð½Ð°Ñ‚ ÐŸÐ¤Ðž Ð¿Ð¾ ÑˆÐ°Ñ…Ð¼Ð"]
[Site "Ð�Ð°Ð±ÐµÑ€ÐµÐ¶Ð½Ñ‹Ðµ Ð§ÐµÐ»Ð½Ñ"]
[Date "2024.03.24"]
[Round "5.11"]
[White "Ð¥Ð¸Ñ�Ð¼Ð°Ñ‚Ð¾Ð², Ð�ÑƒÑ€Ð»Ð°Ð½."]
[Black "ÐŸÐ°Ð²Ð»Ð¾Ð²Ñ�ÐºÐ¸Ð¹, Ð¯Ñ€Ð¾Ñ�Ð»Ð°Ð²."]
[Result "1-0"]
[WhiteElo "1926"]
[BlackElo "2288"]
[PlyCount "87"]
[EventDate "2024.03.20"]

1. d4 c5 2. d5 d6 3. c4 Nf6 4. Nc3 g6 5. e4 Bg7 6. Nf3 O-O 7. Be2 Bg4 8. O-O
Nbd7 9. Bg5 Bxf3 10. Bxf3 Ne8 11. Be2 Nc7 12. f4 a6 13. e5 f6 14. exf6 Nxf6 15.
a4 Kh8 16. f5 gxf5 17. Rxf5 Qd7 18. Qd3 e6 19. Rf4 exd5 20. cxd5 Rf7 21. Raf1
Raf8 22. Rh4 Nce8 23. h3 h6 24. Bxh6 Bxh6 25. Rxh6+ Rh7 26. Bg4 Qe7 27. Rxh7+
Nxh7 28. Bf5 Nhf6 29. Qd2 Qg7 30. Be6 Qg6 31. Rf4 Nh7 32. Rg4 Qf6 33. Ne4 Qe5
34. Ng5 Nef6 35. Rh4 Qg3 36. Nxh7 Nxh7 37. Rh5 Qg6 38. Qc3+ Rf6 39. Rh4 Qg7 40.
Rg4 Ng5 41. Qg3 Rg6 42. Qh4+ Qh7 43. Qxh7+ Kxh7 44. Bf5 1-0

[Event "Ð§ÐµÐ¼Ð¿Ð¸Ð¾Ð½Ð°Ñ‚ ÐŸÐ¤Ðž Ð¿Ð¾ ÑˆÐ°Ñ…Ð¼Ð"]
[Site "Ð�Ð°Ð±ÐµÑ€ÐµÐ¶Ð½Ñ‹Ðµ Ð§ÐµÐ»Ð½Ñ"]
[Date "2024.03.24"]
[Round "5.12"]
[White "ÐšÐ°Ñ€Ð»Ð¾Ð², Ð�Ð»ÐµÐºÑ�ÐµÐ¹."]
[Black "Ð—Ð°ÐºÐ¸Ñ€Ð¾Ð², Ð ÑƒÑ�Ð»Ð°Ð½."]
[Result "1/2-1/2"]
[WhiteElo "2131"]
[BlackElo "1826"]
[PlyCount "120"]
[EventDate "2024.03.20"]

1. Nf3 Nf6 2. c4 g6 3. g3 Bg7 4. Bg2 O-O 5. O-O d6 6. d4 Ne4 7. Ng5 Nxg5 8.
Bxg5 c5 9. Be3 Qb6 10. Nc3 Qxb2 11. Nd5 Nc6 12. Rb1 Qxa2 13. Nc7 Bg4 14. Rxb7
Nxd4 15. Bxd4 Bxd4 16. Nxa8 Bxe2 17. Qb1 Qd2 18. Qe1 Qa2 19. Rxe7 Bxf1 20. Kxf1
Qxc4+ 21. Kg1 Qc2 22. Be4 Qb2 23. Bd5 Be5 24. Qe4 Qa3 25. Nc7 a5 26. Nb5 Qc1+
27. Kg2 Qd1 28. Qf3 Qxf3+ 29. Kxf3 Kg7 30. Ra7 g5 31. Ke4 Kg6 32. Rxa5 f5+ 33.
Kd3 h5 34. Ra6 Rd8 35. Na7 Kf6 36. Nc6 Rc8 37. Ra7 Rf8 38. Kc4 h4 39. Nxe5 dxe5
40. Ra6+ Kg7 41. Kxc5 Rh8 42. Re6 hxg3 43. hxg3 e4 44. g4 fxg4 45. Re7+ Kf6 46.
Rxe4 Rh2 47. Re8 Rh3 48. Re3 Rh2 49. Re2 Kf5 50. Re8 Kg6 51. Rg8+ Kh7 52. Rf8
Kg7 53. Rf7+ Kg6 54. Kd6 Rh3 55. Rf8 g3 56. Be4+ Kg7 57. Rf5 gxf2 58. Rxf2 g4
59. Ke5 Ra3 60. Rf4 Re3 1/2-1/2

[Event "Ð§ÐµÐ¼Ð¿Ð¸Ð¾Ð½Ð°Ñ‚ ÐŸÐ¤Ðž Ð¿Ð¾ ÑˆÐ°Ñ…Ð¼Ð"]
[Site "Ð�Ð°Ð±ÐµÑ€ÐµÐ¶Ð½Ñ‹Ðµ Ð§ÐµÐ»Ð½Ñ"]
[Date "2024.03.24"]
[Round "5.13"]
[White "ÐœÐ¸Ñ€Ð·Ð°Ð½ÑƒÑ€Ð¾Ð², Ð‘ÑƒÐ»Ð°Ñ‚."]
[Black "Ð’Ð¾Ð»Ñ‹Ð½ÐµÑ†, Ð‘Ð¾Ð³Ð´Ð°Ð½."]
[Result "1-0"]
[WhiteElo "2232"]
[BlackElo "1929"]
[PlyCount "62"]
[EventDate "2024.03.20"]

1. e4 c5 2. Nf3 d6 3. d4 cxd4 4. Nxd4 Nf6 5. f3 e5 6. Nb3 d5 7. Bg5 d4 8. c3
Nc6 9. cxd4 exd4 10. Bb5 Bb4+ 11. Bd2 Be7 12. Bxc6+ bxc6 13. Ba5 Qd6 14. Qxd4
Ba6 15. Qxd6 Bxd6 16. N1d2 Nd7 17. Bc3 Ne5 18. Bxe5 Bxe5 19. Nc5 Bc8 20. Nc4
Bd4 21. Nb3 Bb6 22. Nd6+ Ke7 23. Nxc8+ Raxc8 24. Rc1 c5 25. Rc4 Kd6 26. Ke2
Rhd8 27. Rd1+ Ke7 28. Rdc1 Rb8 29. R1c2 Rdc8 30. Nc1 Rd8 31. Nd3 Rd4 1-0

[Event "Ð§ÐµÐ¼Ð¿Ð¸Ð¾Ð½Ð°Ñ‚ ÐŸÐ¤Ðž Ð¿Ð¾ ÑˆÐ°Ñ…Ð¼Ð"]
[Site "Ð�Ð°Ð±ÐµÑ€ÐµÐ¶Ð½Ñ‹Ðµ Ð§ÐµÐ»Ð½Ñ"]
[Date "2024.03.24"]
[Round "5.14"]
[White "ÐœÐ°Ñ‚Ð²ÐµÐµÐ²Ð°, ÐžÐ»ÑŒÐ³Ð°."]
[Black "ÐœÐ¸Ð½Ñ…Ð°Ð¹Ð´Ð°Ñ€Ð¾Ð², Ð ÑƒÑ�Ð»Ð°Ð½."]
[Result "1/2-1/2"]
[WhiteElo "2156"]
[BlackElo "1946"]
[PlyCount "112"]
[EventDate "2024.03.20"]

1. e4 c5 2. Nf3 d6 3. Bb5+ Nd7 4. a4 Ngf6 5. Nc3 a6 6. Be2 b6 7. d4 cxd4 8.
Qxd4 e6 9. O-O Be7 10. Rd1 Qc7 11. Be3 Bb7 12. Nd2 d5 13. exd5 Bc5 14. Qf4 Qxf4
15. Bxf4 Nxd5 16. Nxd5 Bxd5 17. Nc4 Ke7 18. Ne3 Bc6 19. c3 Rhc8 20. b4 Bxe3 21.
Bxe3 Bd5 22. Bd4 f6 23. f4 Rc7 24. Kf2 Bc4 25. Bf3 Rb8 26. Re1 Kf7 27. h4 Re8
28. a5 bxa5 29. Rxa5 Bb5 30. Bg4 Re7 31. Ra3 e5 32. Be3 exf4 33. Bxf4 Rc4 34.
Rxe7+ Kxe7 35. g3 Ne5 36. Be2 Rc7 37. Bxe5 fxe5 38. Ke3 Kd6 39. Bd3 h6 40. Be4
g5 41. hxg5 hxg5 42. Bd3 g4 43. Ke4 Rc6 44. Ke3 Rc7 45. Be2 Rc8 46. Kd2 Kd5 47.
Ra5 Ke4 48. Bxb5 axb5 49. Rxb5 Rh8 50. Rc5 Rh2+ 51. Kc1 Kd3 52. Rxe5 Kxc3 53.
Kd1 Kxb4 54. Ke1 Kc4 55. Kf1 Kd4 56. Rg5 Ke4 1/2-1/2

[Event "Ð§ÐµÐ¼Ð¿Ð¸Ð¾Ð½Ð°Ñ‚ ÐŸÐ¤Ðž Ð¿Ð¾ ÑˆÐ°Ñ…Ð¼Ð"]
[Site "Ð�Ð°Ð±ÐµÑ€ÐµÐ¶Ð½Ñ‹Ðµ Ð§ÐµÐ»Ð½Ñ"]
[Date "2024.03.24"]
[Round "5.15"]
[White "ÐšÑ€Ð¸Ð²Ð¾Ð½Ð¾Ð³Ð¾Ð², Ð�Ð»ÐµÐºÑ�Ð°Ð½Ð´Ñ€."]
[Black "Ð‘Ð¾Ñ€Ð¾Ð´Ð¸Ð½, Ð˜Ð²Ð°Ð½."]
[Result "1/2-1/2"]
[WhiteElo "2153"]
[BlackElo "1785"]
[PlyCount "89"]
[EventDate "2024.03.20"]

1. Nf3 Nf6 2. g3 b5 3. a4 b4 4. Bg2 Bb7 5. O-O e6 6. d3 Be7 7. Nbd2 O-O 8. e4
d6 9. Re1 c5 10. e5 dxe5 11. Nxe5 Bxg2 12. Kxg2 Qd5+ 13. Qf3 Qxf3+ 14. Ndxf3
Nbd7 15. b3 Nxe5 16. Nxe5 Nd5 17. Bb2 Bf6 18. Re2 Rfd8 19. Rae1 Rac8 20. Re4
Nb6 21. f4 Nd7 22. Kf3 Nb8 23. g4 Bxe5 24. Rxe5 Nd7 25. R5e4 Nf6 26. Bxf6 gxf6
27. Rc4 Rd5 28. Rce4 f5 29. gxf5 Rxf5 30. Re5 Rxe5 31. Rxe5 Kg7 32. Ke4 Rc6 33.
Rg5+ Kf6 34. Rg8 Rd6 35. Rc8 Rd5 36. Kf3 Rh5 37. Kg3 e5 38. Rc6+ Ke7 39. Rc7+
Ke6 40. h4 exf4+ 41. Kg4 Rf5 42. Kf3 Kd5 43. Rd7+ Ke5 44. a5 a6 45. Re7+
1/2-1/2

[Event "Ð§ÐµÐ¼Ð¿Ð¸Ð¾Ð½Ð°Ñ‚ ÐŸÐ¤Ðž Ð¿Ð¾ ÑˆÐ°Ñ…Ð¼Ð"]
[Site "Ð�Ð°Ð±ÐµÑ€ÐµÐ¶Ð½Ñ‹Ðµ Ð§ÐµÐ»Ð½Ñ"]
[Date "2024.03.24"]
[Round "5.16"]
[White "Ð¨Ð¸Ð½ÐºÐ°Ñ€Ð¾Ð², Ð�Ñ€Ñ‚Ñ‘Ð¼."]
[Black "Ð¨Ð°Ñ€Ð¸ÐºÐ¾Ð², Ð�Ð»ÐµÐºÑ�Ð°Ð½Ð´Ñ€."]
[Result "1-0"]
[WhiteElo "1910"]
[BlackElo "2067"]
[PlyCount "69"]
[EventDate "2024.03.20"]

1. d4 Nf6 2. c4 e6 3. Nc3 Bb4 4. e3 b6 5. Bd3 Bb7 6. f3 Bxc3+ 7. bxc3 Nc6 8. e4
d6 9. Ne2 Nd7 10. O-O h5 11. f4 h4 12. Ba3 Na5 13. Nc1 c5 14. Nb3 Nc6 15. e5
dxe5 16. d5 Ne7 17. dxe6 fxe6 18. Qg4 Nf6 19. Bg6+ Kd7 20. Rad1+ Bd5 21. Qg5 e4
22. cxd5 exd5 23. c4 Rh6 24. Bf7 Qf8 25. Bxd5 Nfxd5 26. Rxd5+ Nxd5 27. Qxd5+
Kc7 28. Bb2 Rd8 29. Be5+ Kc8 30. Qa8+ Kd7 31. Qxa7+ Ke8 32. Bxg7 Qf5 33. Bxh6
h3 34. Qg7 hxg2 35. Qg8+ 1-0

[Event "Ð§ÐµÐ¼Ð¿Ð¸Ð¾Ð½Ð°Ñ‚ ÐŸÐ¤Ðž Ð¿Ð¾ ÑˆÐ°Ñ…Ð¼Ð"]
[Site "Ð�Ð°Ð±ÐµÑ€ÐµÐ¶Ð½Ñ‹Ðµ Ð§ÐµÐ»Ð½Ñ"]
[Date "2024.03.24"]
[Round "5.17"]
[White "Ð¢Ð°Ñ€Ð°Ñ�ÐµÐ½ÐºÐ¾, Ð¯Ñ€Ð¾Ñ�Ð»Ð°Ð²."]
[Black "Ð”Ð°Ð²Ñ‹Ð´Ð¾Ð², Ð¡ÐµÑ€Ð³ÐµÐ¹."]
[Result "1-0"]
[WhiteElo "2034"]
[BlackElo "1972"]
[PlyCount "54"]
[EventDate "2024.03.20"]

1. e4 c5 2. Nf3 d6 3. d4 cxd4 4. Nxd4 Nf6 5. Nc3 a6 6. Bc4 e6 7. Be3 Nc6 8. Qe2
Bd7 9. O-O-O Qc7 10. Bb3 Be7 11. g4 Nxd4 12. Rxd4 Bc6 13. g5 Nd7 14. f4 Nc5 15.
Rf1 b5 16. f5 Qb7 17. g6 hxg6 18. fxe6 fxe6 19. Qg4 O-O-O 20. Bxe6+ Kb8 21. Rf7
Rdf8 22. Qxg6 Rxf7 23. Qxf7 Rxh2 24. Rxd6 Rh1+ 25. Rd1 Rxd1+ 26. Nxd1 Nxe4 27.
Qxg7 Qc7 1-0

[Event "Ð§ÐµÐ¼Ð¿Ð¸Ð¾Ð½Ð°Ñ‚ ÐŸÐ¤Ðž Ð¿Ð¾ ÑˆÐ°Ñ…Ð¼Ð"]
[Site "Ð�Ð°Ð±ÐµÑ€ÐµÐ¶Ð½Ñ‹Ðµ Ð§ÐµÐ»Ð½Ñ"]
[Date "2024.03.24"]
[Round "5.18"]
[White "Ð›Ð°Ñ€Ñ†ÐµÐ², Ð’Ð»Ð°Ð´Ð¸Ñ�Ð»Ð°Ð²."]
[Black "Ð˜Ð³Ð½Ð°Ñ‚ÑŒÐµÐ², Ð�Ð»ÐµÐºÑ�ÐµÐ¹."]
[Result "1/2-1/2"]
[WhiteElo "1823"]
[BlackElo "2007"]
[PlyCount "99"]
[EventDate "2024.03.20"]

1. Nf3 d5 2. g3 c6 3. Bg2 Bg4 4. h3 Bh5 5. O-O Nd7 6. d3 e5 7. e4 dxe4 8. dxe4
Ngf6 9. Nbd2 Qc7 10. b3 Nc5 11. Bb2 Nfd7 12. Qe2 f6 13. a4 Be7 14. Nc4 O-O 15.
Rad1 Rad8 16. Ne3 Rfe8 17. Nf5 Bf8 18. Rd2 Ne6 19. Rfd1 Ndc5 20. Qe3 Bf7 21.
Bf1 a6 22. Ba3 Rxd2 23. Nxd2 Rd8 24. Be2 b5 25. axb5 cxb5 26. Nb1 Rxd1+ 27.
Bxd1 Ng5 28. h4 Ngxe4 29. b4 g6 30. Nh6+ Bxh6 31. Qxh6 Nb7 32. Qe3 Nbd6 33. Kh2
f5 34. f3 Nc4 35. Qe1 Ned6 36. Bc1 Bd5 37. Nd2 Qc6 38. f4 exf4 39. gxf4 Ne4 40.
Nxc4 Qxc4 41. Bb2 h6 42. Qg1 Kf7 43. Qa7+ Ke8 44. Qxa6 Qxb4 45. Qxg6+ Kd8 46.
Qd6+ Kc8 47. Qa6+ Kd7 48. Qa7+ Kc8 49. Qa6+ Kd7 50. Qa7+ 1/2-1/2

[Event "Ð§ÐµÐ¼Ð¿Ð¸Ð¾Ð½Ð°Ñ‚ ÐŸÐ¤Ðž Ð¿Ð¾ ÑˆÐ°Ñ…Ð¼Ð"]
[Site "Ð�Ð°Ð±ÐµÑ€ÐµÐ¶Ð½Ñ‹Ðµ Ð§ÐµÐ»Ð½Ñ"]
[Date "2024.03.24"]
[Round "5.19"]
[White "ÐœÑƒÐ»Ð»Ð°Ð³Ð°Ð»Ð¸ÐµÐ², Ð�Ð°Ñ„Ð¸Ñ�."]
[Black "Ð•Ð²Ñ‚ÑƒÑ…Ð¾Ð², Ð›ÐµÐ²."]
[Result "0-1"]
[WhiteElo "1881"]
[BlackElo "2019"]
[PlyCount "58"]
[EventDate "2024.03.20"]

1. d4 d5 2. Bg5 h6 3. Bh4 c5 4. dxc5 g5 5. Bg3 Bg7 6. c3 Na6 7. e4 dxe4 8.
Qxd8+ Kxd8 9. Bxa6 bxa6 10. Na3 Bb7 11. O-O-O+ Ke8 12. Nc4 Rc8 13. Na5 Ba8 14.
Nb3 f5 15. f4 e5 16. fxe5 f4 17. Be1 Bxe5 18. Ne2 Ne7 19. Ned4 Kf7 20. c4 Bxd4
21. Rxd4 Rhd8 22. Rxd8 Rxd8 23. h4 g4 24. Rf1 f3 25. gxf3 exf3 26. h5 Nf5 27.
Rg1 g3 28. Bxg3 Nxg3 29. Rxg3 f2 0-1

[Event "Ð§ÐµÐ¼Ð¿Ð¸Ð¾Ð½Ð°Ñ‚ ÐŸÐ¤Ðž Ð¿Ð¾ ÑˆÐ°Ñ…Ð¼Ð"]
[Site "Ð�Ð°Ð±ÐµÑ€ÐµÐ¶Ð½Ñ‹Ðµ Ð§ÐµÐ»Ð½Ñ"]
[Date "2024.03.24"]
[Round "5.20"]
[White "Ð“Ð°Ð»Ñ�Ð²Ð¸ÐµÐ², Ð¡Ð°Ð¼Ð°Ñ‚."]
[Black "Ð˜Ð»o^ÑˆÐ¸Ð½, Ð¯Ñ€Ð¾Ñ�Ð»Ð°Ð²."]
[Result "1-0"]
[WhiteElo "1959"]
[BlackElo "1795"]
[PlyCount "65"]
[EventDate "2024.03.20"]

1. d4 d5 2. Nf3 Nf6 3. Bf4 c5 4. e3 Nc6 5. Nbd2 cxd4 6. exd4 Bf5 7. Bb5 Qb6 8.
c4 dxc4 9. Qa4 Bd7 10. Nxc4 Qd8 11. Nfe5 Nxe5 12. Nxe5 a6 13. Nxd7 Nxd7 14.
Bxd7+ Qxd7 15. Qxd7+ Kxd7 16. Rc1 Rc8 17. Rxc8 Kxc8 18. Ke2 b6 19. Rc1+ Kb7 20.
Rc7+ Ka8 21. Kd3 g6 22. Kc4 h5 23. h3 b5+ 24. Kc5 Bg7 25. Be5 f6 26. Bh2 Rb8
27. Kc6 Bf8 28. d5 g5 29. f3 b4 30. b3 f5 31. Be5 a5 32. Rd7 Rc8+ 33. Kb6 1-0

[Event "Ð§ÐµÐ¼Ð¿Ð¸Ð¾Ð½Ð°Ñ‚ ÐŸÐ¤Ðž Ð¿Ð¾ ÑˆÐ°Ñ…Ð¼Ð"]
[Site "Ð�Ð°Ð±ÐµÑ€ÐµÐ¶Ð½Ñ‹Ðµ Ð§ÐµÐ»Ð½Ñ"]
[Date "2024.03.24"]
[Round "5.21"]
[White "Ð¥Ð°ÐºÐ¸Ð¼Ð¾Ð², Ð�Ð·Ð°Ñ‚."]
[Black "ÐšÐ°Ñ€Ð¿ÐµÑˆÐ¾Ð², Ð”Ð¼Ð¸Ñ‚Ñ€Ð¸Ð¹."]
[Result "1-0"]
[WhiteElo "1790"]
[BlackElo "2048"]
[PlyCount "53"]
[EventDate "2024.03.20"]

1. e4 c5 2. Nf3 g6 3. d4 cxd4 4. Nxd4 Nf6 5. Nc3 Nc6 6. Nxc6 bxc6 7. e5 Ng8 8.
Bc4 Bg7 9. Bf4 Qa5 10. Qe2 d5 11. Bb3 d4 12. Qc4 Bxe5 13. Qxc6+ Kf8 14. Qxa8
dxc3 15. Qxc8+ Kg7 16. Bxe5+ Qxe5+ 17. Kf1 cxb2 18. Rb1 Nh6 19. Qc4 Rd8 20. Qe2
Qc3 21. Qf3 Qe5 22. g3 Rd2 23. Kg2 Re2 24. Rhd1 Nf5 25. Kf1 Re4 26. Rd5 Nd4 27.
Qxf7+ 1-0

[Event "Ð§ÐµÐ¼Ð¿Ð¸Ð¾Ð½Ð°Ñ‚ ÐŸÐ¤Ðž Ð¿Ð¾ ÑˆÐ°Ñ…Ð¼Ð"]
[Site "Ð�Ð°Ð±ÐµÑ€ÐµÐ¶Ð½Ñ‹Ðµ Ð§ÐµÐ»Ð½Ñ"]
[Date "2024.03.24"]
[Round "5.22"]
[White "Ð—Ð¸Ð»o^ÐºÐ¾Ð², ÐœÐ°ÐºÑ�Ð¸Ð¼."]
[Black "Ð“Ð°Ð»Ð¸Ñ†ÐºÐ¸Ð¹, Ð¤ÐµÐ´Ð¾Ñ€."]
[Result "0-1"]
[WhiteElo "1731"]
[BlackElo "1941"]
[PlyCount "91"]
[EventDate "2024.03.20"]

1. c4 Nf6 2. Nc3 e5 3. Nf3 Nc6 4. e4 Bb4 5. d3 O-O 6. a3 Bxc3+ 7. bxc3 h6 8. g3
d6 9. Bg2 Ne8 10. O-O f5 11. exf5 Bxf5 12. Nh4 Bh7 13. Rb1 Rb8 14. Qe2 Nf6 15.
Be3 Qd7 16. Rbd1 b6 17. f4 exf4 18. gxf4 Rbe8 19. Qf3 Ne7 20. Bh3 Nf5 21. Qf2
Rxe3 22. Bxf5 Qe8 23. Rde1 Rxe1 24. Rxe1 Qh5 25. Be6+ Kh8 26. f5 Ng4 27. Qg3
Ne5 28. Kh1 g5 29. fxg6 Nxg6 30. Nxg6+ Qxg6 31. Rg1 Qxg3 32. Rxg3 Rf1+ 33. Kg2
Rd1 34. Rf3 Rd2+ 35. Kg1 Bg6 36. Rf8+ Kg7 37. Rc8 c5 38. Bd5 Rxd3 39. Rc7+ Kf6
40. Rxa7 Rxc3 41. Rd7 Ke5 42. Re7+ Kd4 43. Rd7 Bd3 44. Rxd6 Rb3 45. Bf7+ Ke3
46. Re6+ 0-1

[Event "Ð§ÐµÐ¼Ð¿Ð¸Ð¾Ð½Ð°Ñ‚ ÐŸÐ¤Ðž Ð¿Ð¾ ÑˆÐ°Ñ…Ð¼Ð"]
[Site "Ð�Ð°Ð±ÐµÑ€ÐµÐ¶Ð½Ñ‹Ðµ Ð§ÐµÐ»Ð½Ñ"]
[Date "2024.03.24"]
[Round "5.23"]
[White "Ð˜Ð²Ð°Ð½Ð¾Ð², ÐœÐ°Ñ‚Ð²ÐµÐ¹."]
[Black "Ð¨Ð°Ñ€Ð¸Ð¿Ð¾Ð², Ð­Ð´ÑƒÐ°Ñ€Ð´."]
[Result "1/2-1/2"]
[WhiteElo "1968"]
[BlackElo "1747"]
[PlyCount "120"]
[EventDate "2024.03.20"]

1. c4 Nf6 2. Nc3 g6 3. g3 Bg7 4. Bg2 O-O 5. d4 d6 6. e3 e5 7. Nge2 Re8 8. dxe5
dxe5 9. O-O c6 10. Qc2 Qc7 11. b3 Nbd7 12. Rd1 Nc5 13. Ba3 Bf8 14. Bb2 Bg7 15.
b4 Ne6 16. b5 Bd7 17. Rac1 Rac8 18. Ba3 Bf8 19. Bxf8 Rxf8 20. Qb2 Rfd8 21. bxc6
bxc6 22. Qa3 Be8 23. Bh3 Bd7 24. Rb1 Rb8 25. Qe7 Rxb1 26. Rxb1 Ne8 27. Ne4 Bc8
28. Qxc7 N6xc7 29. Bxc8 Rxc8 30. Rb7 a5 31. Rb6 Ne6 32. Ra6 f5 33. Nd2 Rd8 34.
Nb3 Kf7 35. Rxa5 Kf6 36. Ra6 Rc8 37. Na5 c5 38. Nc3 Kf7 39. Nd5 N6c7 40. Ra7
Ke6 41. Nc3 Nd6 42. Na4 Nce8 43. Rxh7 Nf6 44. Rg7 Nfe4 45. Nb6 Rb8 46. Re7+
Kxe7 47. Nc6+ Ke6 48. Nxb8 Nd2 49. Na6 Nb7 50. Nc7+ Kd6 51. Ncd5 Nxc4 52. Nxc4+
Kxd5 53. Nd2 e4 54. Kf1 Nd6 55. Ke2 Nf7 56. f3 Ne5 57. fxe4+ fxe4 58. a4 c4 59.
Nb1 Kc5 60. Nc3 Kb4 1/2-1/2

[Event "Ð§ÐµÐ¼Ð¿Ð¸Ð¾Ð½Ð°Ñ‚ ÐŸÐ¤Ðž Ð¿Ð¾ ÑˆÐ°Ñ…Ð¼Ð"]
[Site "Ð�Ð°Ð±ÐµÑ€ÐµÐ¶Ð½Ñ‹Ðµ Ð§ÐµÐ»Ð½Ñ"]
[Date "2024.03.24"]
[Round "5.24"]
[White "Ð¥Ð°Ð´Ð¸ÐµÐ², Ð¢Ð¸Ð¼ÑƒÑ€."]
[Black "ÐžÑ�Ð¸Ð¿Ð¾Ð², Ð•Ð³Ð¾Ñ€."]
[Result "1-0"]
[WhiteElo "1729"]
[BlackElo "1873"]
[PlyCount "94"]
[EventDate "2024.03.20"]

1. e4 c5 2. Nf3 d6 3. d4 cxd4 4. Nxd4 Nf6 5. Nc3 a6 6. Be3 e5 7. Nb3 Be6 8. f3
Nbd7 9. Qd2 b5 10. g4 Be7 11. a3 Nb6 12. g5 Nfd7 13. O-O-O O-O 14. Na5 Qc7 15.
Kb1 Rac8 16. h4 f5 17. Nd5 Bxd5 18. exd5 Kh8 19. c4 bxc4 20. Rc1 Nc5 21. Nxc4
Nxc4 22. Bxc4 Qb7 23. Ka2 Bd8 24. Rc2 Bb6 25. Rhc1 Rc7 26. b4 Nd7 27. Bb3 Rfc8
28. Bxb6 Nxb6 29. Qd3 Rxc2+ 30. Rxc2 g6 31. Rxc8+ Qxc8 32. Kb2 Qb7 33. Qc3 Nxd5
34. Qc4 Ne7 35. Qf7 d5 36. Qf6+ Kg8 37. Qxe5 Qd7 38. Qf6 Qa7 39. Bxd5+ Nxd5 40.
Qd8+ Kg7 41. Qxd5 Qf2+ 42. Kc3 Qe3+ 43. Qd3 Qc1+ 44. Kb3 Qg1 45. Kc4 Qg2 46.
Kc5 f4 47. Qd4+ Kg8 1-0

[Event "Ð§ÐµÐ¼Ð¿Ð¸Ð¾Ð½Ð°Ñ‚ ÐŸÐ¤Ðž Ð¿Ð¾ ÑˆÐ°Ñ…Ð¼Ð"]
[Site "Ð�Ð°Ð±ÐµÑ€ÐµÐ¶Ð½Ñ‹Ðµ Ð§ÐµÐ»Ð½Ñ"]
[Date "2024.03.24"]
[Round "5.25"]
[White "Ð›Ð¸Ð¿Ð¾Ð²Ð¾Ð¹, Ð”Ð°Ð½Ð¸Ð»Ð°."]
[Black "Ð�Ñ…Ð¼ÐµÑ‚Ð¾Ð², Ð ÑƒÑ�Ð»Ð°Ð½."]
[Result "1-0"]
[WhiteElo "1948"]
[BlackElo "1782"]
[PlyCount "83"]
[EventDate "2024.03.20"]

1. e4 e5 2. Nf3 Nc6 3. Nc3 Nf6 4. Bb5 Nd4 5. Nxe5 Nxb5 6. Nxb5 c6 7. Nc3 d5 8.
exd5 Nxd5 9. O-O Be7 10. Re1 O-O 11. Nxd5 Qxd5 12. Qf3 Qe6 13. d4 Re8 14. Bd2
Qf5 15. c3 f6 16. Qxf5 Bxf5 17. Nc4 Bd3 18. Na5 Kf7 19. Bf4 Ba6 20. h4 Bf8 21.
f3 c5 22. Be3 cxd4 23. Bxd4 Bd6 24. Kf2 b6 25. Nb3 h5 26. Nd2 f5 27. g3 Rac8
28. f4 Bb7 29. Nf3 Bxf3 30. Kxf3 g6 31. Rxe8 Kxe8 32. a4 Bc5 33. Be5 Be7 34.
Ke2 Kd7 35. a5 b5 36. a6 Kc6 37. Kd3 Kd5 38. b4 Kc6 39. Bd4 Rd8 40. Re1 Kd7 41.
Re5 Ra8 42. Rxb5 1-0

[Event "Ð§ÐµÐ¼Ð¿Ð¸Ð¾Ð½Ð°Ñ‚ ÐŸÐ¤Ðž Ð¿Ð¾ ÑˆÐ°Ñ…Ð¼Ã"]
[Site "Ð�Ð°Ð±ÐµÑ€ÐµÐ¶Ð½Ñ‹Ðµ Ð§ÐµÐ»Ð½Ñ"]
[Date "2024.03.24"]
[Round "5.26"]
[White "Ð“Ð°Ð»Ð¸ÐµÐ², Ð Ð°Ñ�ÑƒÐ»ÑŒ."]
[Black "Ð•Ñ€Ð¸Ð½, Ð�Ð»ÐµÐºÑ�Ð°Ð½Ð´Ñ€."]
[Result "1/2-1/2"]
[WhiteElo "1744"]
[BlackElo "1738"]
[Annotator "kniazev,Igor"]
[PlyCount "105"]
[EventDate "2024.03.20"]

{[%evp 0,32,19,38,72,69,71,70,45,31,16,26,28,-31,36,32,40,5,30,19,26,39,28,29,
34,14,44,40,37,38,42,32,34,36,35]} 1. e4 c6 2. d4 d5 3. exd5 cxd5 4. Bd3 Nc6 5.
c3 Nf6 6. h3 g6 7. Nf3 Bf5 8. Ne5 Bxd3 9. Nxd3 Bg7 10. Bf4 O-O 11. O-O e6 12.
Nd2 Ne7 13. Re1 Nf5 14. Qe2 Nd6 15. Rad1 Rc8 16. f3 b6 17. Nf1 Nc4 18. Qf2 Qd7
19. h4 a5 20. g4 h5 21. Ne5 Qb7 22. Qe2 b5 23. Ng3 hxg4 24. fxg4 Nh7 25. Nd3 b4
26. g5 bxc3 27. bxc3 Rfe8 28. h5 Nf8 29. Kh2 Qc6 30. Rh1 Nd6 31. Rc1 Nf5 32.
Kg1 Nxg3 33. Bxg3 Qa6 34. Qd2 gxh5 35. Nf4 Qc4 36. Bf2 h4 37. Nh5 Ng6 38. Nf6+
Kf8 39. Bxh4 Red8 40. Bg3 Ne7 41. Rh7 Nc6 42. Qh2 e5 43. Rxg7 Nxd4 44. Qh5 Ne2+
45. Kh2 d4 46. Re1 Nxg3 47. Kxg3 dxc3 48. Rg8+ Ke7 49. Rxe5+ Kd6 50. Rxd8+ Rxd8
51. Rd5+ Ke7 52. Re5+ Kd6 53. Rd5+ 1/2-1/2

[Event "Ð§ÐµÐ¼Ð¿Ð¸Ð¾Ð½Ð°Ñ‚ ÐŸÐ¤Ðž Ð¿Ð¾ ÑˆÐ°Ñ…Ð¼Ã"]
[Site "Ð�Ð°Ð±ÐµÑ€ÐµÐ¶Ð½Ñ‹Ðµ Ð§ÐµÐ»Ð½Ñ"]
[Date "2024.03.24"]
[Round "5.27"]
[White "Ð‘ÐµÑ�Ð¿Ð°Ð»Ð¾Ð², Ð•Ð»Ð¸Ñ�ÐµÐ¹."]
[Black "Ð�Ð³Ð¸Ð±Ð°Ð»Ð¾Ð², Ð¯ÐºÐ¾Ð²."]
[Result "1-0"]
[WhiteElo "2004"]
[BlackElo "1632"]
[PlyCount "68"]
[EventDate "2024.03.20"]

1. Nf3 Nf6 2. g3 d5 3. Bg2 g6 4. O-O Bg7 5. d3 O-O 6. Nbd2 Re8 7. e4 dxe4 8.
dxe4 e5 9. b3 Nc6 10. Bb2 Bg4 11. h3 Bxf3 12. Bxf3 Nd7 13. Nc4 Nb6 14. Ne3 Nd4
15. Bg2 c6 16. a4 a5 17. c3 Ne6 18. Qc2 Qc7 19. h4 h5 20. Bh3 Rad8 21. Rfd1 Nc5
22. Rxd8 Rxd8 23. b4 axb4 24. cxb4 Nd3 25. a5 Nc8 26. Nd5 Rxd5 27. exd5 Nxb2
28. dxc6 e4 29. cxb7 Qxc2 30. bxc8=Q+ Qxc8 31. Bxc8 Nd3 32. a6 Bxa1 33. a7 Nxf2
34. a8=Q Bd4 1-0

[Event "Ð§ÐµÐ¼Ð¿Ð¸Ð¾Ð½Ð°Ñ‚ ÐŸÐ¤Ðž Ð¿Ð¾ ÑˆÐ°Ñ…Ð¼Ð"]
[Site "Ð�Ð°Ð±ÐµÑ€ÐµÐ¶Ð½Ñ‹Ðµ Ð§ÐµÐ»Ð½Ñ"]
[Date "2024.03.24"]
[Round "5.28"]
[White "ÐšÐ¾Ð·Ð»Ð¾Ð², Ð’Ð»Ð°Ð´Ð¸Ð¼Ð¸Ñ€."]
[Black "Ð“ÑƒÐ»Ñ�Ð½, Ð�Ñ€Ñ‚ÑƒÑ€."]
[Result "1-0"]
[WhiteElo "1930"]
[BlackElo "1568"]
[PlyCount "34"]
[EventDate "2024.03.20"]

1. e4 c5 2. Nf3 Nc6 3. d4 cxd4 4. Nxd4 Nf6 5. Nc3 e5 6. Ndb5 d6 7. Bg5 a6 8.
Na3 b5 9. Nd5 Be7 10. Bxf6 Bxf6 11. c3 Bg5 12. Nc2 Rb8 13. a4 bxa4 14. Ncb4
Nxb4 15. cxb4 O-O 16. Rxa4 a5 17. bxa5 Bd7 1-0

[Event "Ð§ÐµÐ¼Ð¿Ð¸Ð¾Ð½Ð°Ñ‚ ÐŸÐ¤Ðž Ð¿Ð¾ ÑˆÐ°Ñ…Ð¼Ã"]
[Site "Ð�Ð°Ð±ÐµÑ€ÐµÐ¶Ð½Ñ‹Ðµ Ð§ÐµÐ»Ð½Ñ"]
[Date "2024.03.24"]
[Round "5.29"]
[White "Ð‘Ð¾Ñ€Ñ‰, Ð�Ð»ÐµÐºÑ�Ð°Ð½Ð´Ñ€."]
[Black "Ð�Ð³Ð¸ÑˆÐµÐ², Ð­Ð¼Ð¸Ð»ÑŒ."]
[Result "1-0"]
[WhiteElo "1820"]
[BlackElo "1530"]
[PlyCount "57"]
[EventDate "2024.03.20"]

1. e4 c5 2. Nf3 e6 3. d4 cxd4 4. Nxd4 Nf6 5. Nc3 d6 6. Be3 a6 7. f3 b5 8. Qd2
Bb7 9. O-O-O Nbd7 10. g4 Rc8 11. h4 b4 12. Nce2 d5 13. g5 Nh5 14. f4 Nb6 15. b3
g6 16. e5 Bc5 17. Bg2 Ng7 18. Bf3 a5 19. h5 a4 20. hxg6 fxg6 21. Qd3 Qd7 22.
Rxh7 Kf7 23. Rdh1 Rxh7 24. Rxh7 axb3 25. axb3 Ra8 26. Rh6 Ke7 27. Qxg6 Kd8 28.
Rh7 Bf8 29. Nxe6+ 1-0

[Event "Ð§ÐµÐ¼Ð¿Ð¸Ð¾Ð½Ð°Ñ‚ ÐŸÐ¤Ðž Ð¿Ð¾ ÑˆÐ°Ñ…Ð¼Ã"]
[Site "Ð�Ð°Ð±ÐµÑ€ÐµÐ¶Ð½Ñ‹Ðµ Ð§ÐµÐ»Ð½Ñ"]
[Date "2024.03.24"]
[Round "5.30"]
[White "Ð¨Ð°Ñ…ÑƒÑ€Ð´Ð¸Ð½, Ð¢Ð¸Ð¼Ð¾Ñ„ÐµÐ¹."]
[Black "ÐœÐ¸Ð½Ð³Ð°Ð·ÑƒÑ‚Ð´Ð¸Ð½Ð¾Ð², Ð ÑƒÑ�Ð»Ð°Ð½."]
[Result "1-0"]
[WhiteElo "1875"]
[BlackElo "1759"]
[Annotator "kniazev,Igor"]
[PlyCount "50"]
[EventDate "2024.03.20"]

{[%evp 0,28,14,25,25,19,16,8,37,-1,-14,1,7,-4,43,-40,6,-25,-10,-15,-8,-6,25,18,
15,5,29,6,18,12,13]} 1. e4 e5 2. Nf3 Nc6 3. Bc4 Bc5 4. c3 Nf6 5. d3 d6 6. O-O
a6 7. Bb3 h6 8. Nbd2 O-O 9. h3 Ba7 10. Re1 Ne7 11. Nf1 Ng6 12. Ng3 c5 13. d4 b5
14. Bc2 Qc7 15. Be3 Bd7 16. Rc1 Rfc8 17. Qd2 a5 18. Nf5 Bxf5 19. exf5 Nf8 20.
Bxh6 gxh6 21. Qxh6 N8h7 22. Ng5 Qd8 23. Nxh7 Nxh7 24. f6 Nxf6 25. Re3 Nh5 1-0

[Event "Ð§ÐµÐ¼Ð¿Ð¸Ð¾Ð½Ð°Ñ‚ ÐŸÐ¤Ðž Ð¿Ð¾ ÑˆÐ°Ñ…Ð¼Ð"]
[Site "Ð�Ð°Ð±ÐµÑ€ÐµÐ¶Ð½Ñ‹Ðµ Ð§ÐµÐ»Ð½Ñ"]
[Date "2024.03.24"]
[Round "5.31"]
[White "Ð“Ð¸Ð½Ð´ÑƒÐ»Ð»Ð¸Ð½, Ð‘ÑƒÐ»Ð°Ñ‚."]
[Black "Ð¢Ð¾ÑˆÐ¸Ð½, Ð¯Ñ€Ð¾Ñ�Ð»Ð°Ð²."]
[Result "1-0"]
[WhiteElo "1573"]
[BlackElo "1664"]
[PlyCount "68"]
[EventDate "2024.03.20"]

1. d4 Nf6 2. Nf3 e6 3. Bg5 d5 4. e3 Be7 5. Nbd2 h6 6. Bh4 O-O 7. Bd3 c5 8. c3
Nc6 9. O-O b6 10. Ne5 Bb7 11. f4 Nd7 12. Bg3 Ndxe5 13. fxe5 Bg5 14. Bf4 Bxf4
15. Rxf4 f5 16. exf6 Rxf6 17. Qg4 cxd4 18. exd4 Rxf4 19. Qxf4 Qf6 20. Qc7 Qe7
21. Qxe7 Nxe7 22. Re1 Kf7 23. Nf3 Nc6 24. Bb5 Ke7 25. Bxc6 Bxc6 26. Ne5 Bb5 27.
Re3 Rg8 28. Rf3 Be8 29. Kf2 g5 30. Rh3 h5 31. g4 h4 32. Rf3 Rg7 33. Ke3 Bg6 34.
Rf2 Ke8 1-0

[Event "Ð§ÐµÐ¼Ð¿Ð¸Ð¾Ð½Ð°Ñ‚ ÐŸÐ¤Ðž Ð¿Ð¾ ÑˆÐ°Ñ…Ð¼Ð"]
[Site "Ð�Ð°Ð±ÐµÑ€ÐµÐ¶Ð½Ñ‹Ðµ Ð§ÐµÐ»Ð½Ñ"]
[Date "2024.03.24"]
[Round "5.32"]
[White "Ð“Ñ€Ð¸ÑˆÑƒÐ½Ð¸Ð½, Ð�Ñ€Ñ‚ÑƒÑ€."]
[Black "Ð¯ÐºÑƒÐ¿Ð¾Ð², Ð�Ð°Ð¸Ð»ÑŒ."]
[Result "1/2-1/2"]
[WhiteElo "1600"]
[BlackElo "1564"]
[PlyCount "68"]
[EventDate "2024.03.20"]

1. d4 d6 2. Nf3 Bg4 3. Nbd2 Nf6 4. e3 e6 5. Be2 Be7 6. O-O O-O 7. c4 c5 8. b3
Nc6 9. Bb2 Nd7 10. h3 Bh5 11. e4 Bf6 12. Rb1 cxd4 13. Nxd4 Bxe2 14. Nxe2 Bxb2
15. Rxb2 Nf6 16. Nc3 d5 17. exd5 exd5 18. Nf3 dxc4 19. bxc4 Qxd1 20. Rxd1 b6
21. Rbd2 Rfd8 22. Rxd8+ Rxd8 23. Rxd8+ Nxd8 24. Ne5 Nb7 25. Nc6 a6 26. Na4 b5
27. cxb5 axb5 28. Nc3 Nd6 29. f3 Kf8 30. a3 Nfe8 31. Kf2 Nc7 32. Ke2 Nc4 33. a4
bxa4 34. Nxa4 f6 1/2-1/2

[Event "Ð§ÐµÐ¼Ð¿Ð¸Ð¾Ð½Ð°Ñ‚ ÐŸÐ¤Ðž Ð¿Ð¾ ÑˆÐ°Ñ…Ð¼Ð"]
[Site "Ð�Ð°Ð±ÐµÑ€ÐµÐ¶Ð½Ñ‹Ðµ Ð§ÐµÐ»Ð½Ñ"]
[Date "2024.03.24"]
[Round "5.35"]
[White "Ð“Ð¾Ñ€Ð¸Ð½, Ð�Ð»ÐµÐºÑ�Ð°Ð½Ð´Ñ€."]
[Black "o/oÑ�ÑƒÐ¿Ð¾Ð², ÐšÐ°Ð¼Ð¸Ð»ÑŒ."]
[Result "0-1"]
[WhiteElo "1471"]
[BlackElo "1755"]
[PlyCount "65"]
[EventDate "2024.03.20"]

1. c4 f5 2. d4 Nf6 3. Nc3 e6 4. g3 d5 5. cxd5 exd5 6. Bg2 c6 7. Nf3 Bd6 8. O-O
O-O 9. a3 a5 10. Na4 h6 11. Nc5 Qe7 12. Nh4 Qf7 13. Qc2 Ne4 14. Nf3 Nd7 15.
Nxd7 Bxd7 16. Ne5 Qe6 17. Bf4 Rae8 18. h4 g5 19. hxg5 hxg5 20. Nxd7 Qxd7 21.
Bxd6 Nxd6 22. b4 axb4 23. axb4 Qe6 24. e3 Qh6 25. Qc5 f4 26. gxf4 gxf4 27. exf4
Qxf4 28. Ra3 Ne4 29. Bxe4 Rxe4 30. b5 Rf7 31. Rg3+ Rg7 32. Rxg7+ Kxg7 33. f3
0-1